| 000 | 00546nam a2200181 a 4500 | ||
|---|---|---|---|
| 001 | 3422 | ||
| 003 | CDMR | ||
| 005 | 20131128173845.0 | ||
| 008 | 130130s1972||||||||||||||||||||||||||||d | ||
| 040 |
_aCDMR _bcat _cCDMR |
||
| 100 | 1 |
_aUllmann, Stephen _92468 |
|
| 245 | 1 | 0 |
_aSemántica _b: introducción a la ciencia del significado _cStephen Ullmann ; traducción del inglés Juan Martín Ruiz-Werner |
| 260 |
_aMadrid _c1972 _bAguilar |
||
| 300 | _a320 p. | ||
| 490 | 0 | _aBiblioteca Cultura e Historia | |
| 650 | 0 | 4 |
_94409 _aSemàntica |
| 942 |
_cMON _2udc |
||
| 999 |
_c3422 _d3422 |
||